LEADER 00908nam0-22003011i-450- 001 990003868980403321 005 20080123144320.0 035 $a000386898 035 $aFED01000386898 035 $a(Aleph)000386898FED01 035 $a000386898 100 $a20030910f19------km-y0itay50------ba 101 0 $aita 102 $aIT 200 1 $aCorrelazioni fra costi e prezzi$espunti critici intorno al "controllo" extraziendale dei prezzi sulla base dei costi$fGiorgio Pivato. 210 $aMilano$c<>Goliardica Edizioni Universitarie$d[19??]. 215 $a88 p.$d24 cm 610 0 $aCosti di produzione 610 0 $aPrezzi 676 $aH/2.131 700 1$aPivato,$bGiorgio$089063 801 0$aIT$bUNINA$gRICA$2UNIMARC 901 $aBK 912 $a990003868980403321 952 $aH/2.131 PIV$b04554$fSES 959 $aSES 996 $aCorrelazioni fra costi e prezzi$9514166 997 $aUNINA LEADER 00966nam0-2200325---450- 001 990008840600403321 005 20130710110843.0 010 $a978-0-521-78122-0 035 $a000884060 035 $aFED01000884060 035 $a(Aleph)000884060FED01 035 $a000884060 100 $a20090416d2000----km-y0itay50------ba 101 0 $aeng 105 $aa-------001yy 200 1 $a<>dynamics of fluidized particles$fRoy Jackson 210 $aCambridge ; New York$cCambridge University Press$dc2000 215 $aIX, 339 p.$cill.$d24 cm 225 1 $aCambridge monographs on mechanics 610 0 $aFluidization 610 0 $aFluid Dynamics 700 1$aJackson,$bR.$g$015605 801 0$aIT$bUNINA$gRICA$2UNIMARC 901 $aBK 912 $a990008840600403321 952 $a04 162-219$bDIC 4788$fDINCH 952 $a04 162-221$bDIC$fDINCH 959 $aDINCH 996 $aDynamics of fluidized particles$9805557 997 $aUNINA